| 000 | 00315nam a2200109Ia 4500 | ||
|---|---|---|---|
| 008 | 230907s9999||||xx |||||||||||||| ||und|| | ||
| 082 |
_a620.5 _bHAN |
||
| 245 | 0 | _aHandbook of nanoscience, engineering, and technology / | |
| 260 |
_aCRC Press, _bBoca Raton : _c2003 |
||
| 300 | _a1 v. (various pagings) : | ||
| 942 | _cBK | ||
| 999 |
_c599904 _d599904 |
||